[Event "ST-2022-0-00214"]
[Site "LSS email"]
[Date "2022.02.12"]
[Round "?"]
[White "Enev, Zlatko"]
[Black "Grammatica, Andrea"]
[Result "1/2-1/2"]
[WhiteElo "2381"]
[BlackElo "2308"]
[PlyCount "32"]
[EventDate "2021.12.07"]
[EventType "tourn (corr)"]
[EventRounds "6"]
[EventCountry "GER"]
[SourceTitle "Corr 2024"]
[Source "ChessBase"]
[SourceDate "2023.10.19"]
[SourceVersion "1"]
[SourceVersionDate "2023.10.19"]
[SourceQuality "1"]

1. Nf3 Nf6 2. g3 g6 3. d4 Bg7 4. c4 0-0 5. Nc3 d5 6. cxd5 Nxd5 7. Bg2 c5 8. 0-0 Nc6 9. Nxd5 Qxd5 10. Be3 cxd4 11. Nxd4 Qc4 12. Nxc6 bxc6 13. Qd2 Bg4 14. Rfc1 Qxe2 15. Qxe2 Bxe2 16. Rxc6 Rab8 1/2-1/2

[Event "ST-2022-0-00214"]
[Site "LSS email"]
[Date "2022.02.12"]
[Round "?"]
[White "Grammatica, Andrea"]
[Black "Bernal Varela, Nelson"]
[Result "1/2-1/2"]
[WhiteElo "2308"]
[BlackElo "2395"]
[PlyCount "61"]
[EventDate "2021.12.07"]
[EventType "tourn (corr)"]
[EventRounds "6"]
[EventCountry "GER"]
[SourceTitle "Corr 2024"]
[Source "ChessBase"]
[SourceDate "2023.10.19"]
[SourceVersion "1"]
[SourceVersionDate "2023.10.19"]
[SourceQuality "1"]

1. Nf3 e6 2. c4 d5 3. d4 c6 4. e3 Nd7 5. Bd3 dxc4 6. Bxc4 Ngf6 7. 0-0 b5 8. Bd3 a6 9. a4 Bb7 10. e4 Be7 11. axb5 axb5 12. Rxa8 Bxa8 13. Qc2 h6 14. Be3 0-0 15. Nbd2 c5 16. Bxb5 Qb8 17. Bxd7 cxd4 18. Bxd4 Nxd7 19. Ra1 Rc8 20. Qd3 Rd8 21. Qe3 Qb5 22. Bc3 Nc5 23. Ra5 Qd3 24. Qxd3 Nxd3 25. Kf1 Bf6 26. Rb5 Be7 27. Ra5 Bf6 28. h3 Rc8 29. Ke2 Nf4+ 30. Kf1 Nd3 31. Ke2 1/2-1/2

[Event "ST-2022-0-00214"]
[Site "LSS email"]
[Date "2022.02.12"]
[Round "?"]
[White "Grammatica, Andrea"]
[Black "Willmann, Bernd"]
[Result "1/2-1/2"]
[WhiteElo "2308"]
[BlackElo "2363"]
[PlyCount "58"]
[EventDate "2021.12.07"]
[EventType "tourn (corr)"]
[EventRounds "6"]
[EventCountry "GER"]
[SourceTitle "Corr 2024"]
[Source "ChessBase"]
[SourceDate "2023.10.19"]
[SourceVersion "1"]
[SourceVersionDate "2023.10.19"]
[SourceQuality "1"]

1. Nf3 e6 2. c4 Nf6 3. g3 d5 4. d4 Bb4+ 5. Bd2 Be7 6. Bg2 c6 7. Qc2 b6 8. 0-0 0-0 9. Bf4 Bb7 10. Rd1 Nbd7 11. Ne5 Nh5 12. Bd2 Nhf6 13. cxd5 cxd5 14. Nc6 Bxc6 15. Qxc6 a6 16. e3 b5 17. Rc1 b4 18. a3 a5 19. axb4 axb4 20. Ra6 h5 21. Bf1 h4 22. Kg2 g6 23. Qc7 Qxc7 24. Rxc7 Rxa6 25. Bxa6 Ra8 26. Bd3 hxg3 27. hxg3 e5 28. Bb5 Bd6 29. Rc6 Be7 1/2-1/2

[Event "FICGS class M 000091 email"]
[Site "FICGS email"]
[Date "2020.09.01"]
[Round "1"]
[White "Grammatica, Andrea"]
[Black "Gounant, Stanislas"]
[Result "1/2-1/2"]
[WhiteElo "2256"]
[BlackElo "2215"]
[PlyCount "80"]
[EventDate "2020.??.??"]
[EventType "tourn (corr)"]
[EventRounds "6"]
[SourceTitle "Corr 2022"]
[Source "ChessBase"]
[SourceDate "2021.10.24"]
[SourceVersion "1"]
[SourceVersionDate "2021.10.24"]
[SourceQuality "1"]

1. e4 c6 2. d4 d5 3. Nc3 dxe4 4. Nxe4 Bf5 5. Ng3 Bg6 6. h4 h6 7. Nf3 Nd7 8. h5 Bh7 9. Bd3 Bxd3 10. Qxd3 e6 11. Bd2 Ngf6 12. 0-0-0 Be7 13. Kb1 Qb6 14. c4 0-0 15. Bf4 Rad8 16. Qc2 Rfe8 17. Ne5 c5 18. Nxf7 Kxf7 19. Qg6+ Kg8 20. Bxh6 Bf8 21. Be3 cxd4 22. Bxd4 Qc7 23. h6 Ne5 24. Qg5 Neg4 25. f3 Rxd4 26. Rxd4 Qxg3 27. fxg4 e5 28. hxg7 Bxg7 29. Rd6 Qxg2 30. Qc1 Qxg4 31. Rf1 Rf8 32. Rdd1 Ne8 33. Qc2 Rxf1 34. Rxf1 Qe6 35. Re1 Nf6 36. Qb3 Qc6 37. Qe3 e4 38. Qxa7 Bf8 39. Rf1 Qxc4 40. Rxf6 Bc5 1/2-1/2

[Event "FICGS class M 000091 email"]
[Site "FICGS email"]
[Date "2020.09.01"]
[Round "1"]
[White "Grammatica, Andrea"]
[Black "Kerr, Graham"]
[Result "1/2-1/2"]
[WhiteElo "2256"]
[BlackElo "2253"]
[PlyCount "67"]
[EventDate "2020.??.??"]
[EventType "tourn (corr)"]
[EventRounds "6"]
[SourceTitle "Corr 2022"]
[Source "ChessBase"]
[SourceDate "2021.10.24"]
[SourceVersion "1"]
[SourceVersionDate "2021.10.24"]
[SourceQuality "1"]

1. e4 c5 2. Nf3 d6 3. d4 cxd4 4. Nxd4 Nf6 5. Nc3 a6 6. Bg5 e6 7. f4 h6 8. Bh4 Qb6 9. a3 Nbd7 10. Be2 Be7 11. Bf2 Qc7 12. Bf3 Nb6 13. 0-0 Bd7 14. a4 0-0 15. Nde2 Rac8 16. Kh1 Bc6 17. Qd4 Nbd7 18. Qe3 e5 19. Ng3 Rfe8 20. a5 Bf8 21. Qd2 exf4 22. Qxf4 Ne5 23. Bd4 Re6 24. Nd5 Nxd5 25. exd5 Rf6 26. Qd2 Bb5 27. Rf2 Nxf3 28. gxf3 Rg6 29. b3 Re8 30. c4 Bd7 31. Nh5 Rg5 32. Nf4 Qd8 33. Qc3 Bc8 34. Bb6 1/2-1/2

[Event "FICGS class M 000090 email"]
[Site "FICGS email"]
[Date "2020.06.25"]
[Round "1"]
[White "Grammatica, Andrea"]
[Black "Schroeder, Christoph"]
[Result "1/2-1/2"]
[WhiteElo "2255"]
[BlackElo "2258"]
[PlyCount "46"]
[EventDate "2020.??.??"]
[EventType "tourn (corr)"]
[EventRounds "6"]
[SourceTitle "Corr 2022"]
[Source "ChessBase"]
[SourceDate "2021.10.24"]
[SourceVersion "1"]
[SourceVersionDate "2021.10.24"]
[SourceQuality "1"]

1. c4 e6 2. Nc3 d5 3. e3 Nf6 4. Nf3 c5 5. d4 Nc6 6. cxd5 exd5 7. Bb5 cxd4 8. Nxd4 Bd7 9. 0-0 Bd6 10. Nf3 Be6 11. b3 0-0 12. Bb2 a6 13. Bd3 Bg4 14. h3 Bxf3 15. Qxf3 Be5 16. Rab1 Re8 17. Rfd1 Qa5 18. a3 d4 19. b4 Qc7 20. Ne4 Nxe4 21. Bxe4 dxe3 22. Qxe3 Bxb2 23. Rxb2 g6 1/2-1/2

[Event "SM-2020-0-00428"]
[Site "LSS email"]
[Date "2020.06.07"]
[Round "?"]
[White "Sviderskij, Andrew"]
[Black "Grammatica, Andrea"]
[Result "1/2-1/2"]
[WhiteElo "2221"]
[BlackElo "2301"]
[PlyCount "43"]
[EventDate "2020.04.14"]
[EventType "tourn (corr)"]
[EventRounds "6"]
[EventCountry "GER"]
[SourceTitle "Corr 2022"]
[Source "ChessBase"]
[SourceDate "2021.10.24"]
[SourceVersion "1"]
[SourceVersionDate "2021.10.24"]
[SourceQuality "1"]

1. d4 Nf6 2. c4 g6 3. Nc3 d5 4. cxd5 Nxd5 5. e4 Nxc3 6. bxc3 Bg7 7. Bc4 c5 8. Ne2 Nc6 9. Be3 0-0 10. 0-0 b6 11. dxc5 Qc7 12. Nd4 Ne5 13. Nb5 Qb8 14. Bd5 Ng4 15. g3 Nxe3 16. fxe3 a6 17. Bxa8 axb5 18. Bd5 Qc7 19. cxb6 Qxb6 20. Qe2 e6 21. Bb3 b4 22. a4 1/2-1/2

[Event "SM-2020-0-00419"]
[Site "LSS email"]
[Date "2020.01.29"]
[Round "?"]
[White "Grammatica, Andrea"]
[Black "Bujdak, Pavel"]
[Result "1/2-1/2"]
[WhiteElo "2330"]
[BlackElo "2259"]
[PlyCount "91"]
[EventDate "2020.01.18"]
[EventType "tourn (corr)"]
[EventRounds "6"]
[EventCountry "GER"]
[SourceTitle "Corr 2022"]
[Source "ChessBase"]
[SourceDate "2021.10.24"]
[SourceVersion "1"]
[SourceVersionDate "2021.10.24"]
[SourceQuality "1"]

1. Nf3 d5 2. g3 g6 3. Bg2 Bg7 4. d4 Nf6 5. 0-0 0-0 6. c4 dxc4 7. Na3 c3 8. bxc3 c5 9. e3 Nc6 10. Qe2 Bf5 11. Rd1 Qb6 12. Nd2 cxd4 13. cxd4 Rac8 14. Nb3 Na5 15. Nxa5 Qxa5 16. e4 Bg4 17. f3 Bd7 18. Qb2 Rfd8 19. Bd2 Qa6 20. Bf1 Qa4 21. Bb4 e6 22. Rd2 Be8 23. Rad1 Rc7 24. Be2 b6 25. Kf2 g5 26. h3 h5 27. Nb1 a5 28. Bc3 Qc6 29. a4 Rcc8 30. Ba6 g4 31. d5 exd5 32. Bxc8 Rxc8 33. exd5 Qc5+ 34. Kg2 Bxa4 35. Re1 gxf3+ 36. Kxf3 Nxd5 37. Bxg7 Bc6 38. Bh6 Ne3+ 39. Ke2 Bb5+ 40. Kf3 Bc6+ 41. Ke2 Nf5 42. Bf4 Re8+ 43. Kf1 Rxe1+ 44. Kxe1 Qg1+ 45. Ke2 Qg2+ 46. Ke1 1/2-1/2

[Event "CP-2019-Q-00009"]
[Site "LSS email"]
[Date "2019.11.27"]
[Round "?"]
[White "Grammatica, Andrea"]
[Black "Gomez Galan Arense, Joaquin"]
[Result "1-0"]
[WhiteElo "2269"]
[BlackElo "1905"]
[PlyCount "73"]
[EventDate "2019.12.01"]
[EventType "tourn (corr)"]
[EventRounds "6"]
[EventCountry "GER"]
[SourceTitle "Corr 2022"]
[Source "ChessBase"]
[SourceDate "2021.10.24"]
[SourceVersion "1"]
[SourceVersionDate "2021.10.24"]
[SourceQuality "1"]

1. d4 d5 2. c4 e6 3. Nc3 Nf6 4. Nf3 c6 5. Bg5 h6 6. Bh4 dxc4 7. e4 g5 8. Bg3 b5 9. Be2 Bb7 10. h4 g4 11. Ne5 Bg7 12. 0-0 0-0 13. Bxg4 b4 14. Ne2 c5 15. Bf3 Nbd7 16. Rc1 Nxe4 17. Bxe4 Bxe4 18. Nxc4 cxd4 19. Nd6 Bg6 20. Nxd4 Ne5 21. Nc6 Nxc6 22. Rxc6 Qd7 23. Rc5 h5 24. Qc1 e5 25. Rc6 Rad8 26. Qc5 f5 27. Nc4 Bf7 28. Nxe5 Qd4 29. Nxf7 Qxc5 30. Rxc5 Rxf7 31. Be5 Bxe5 32. Rxe5 Rd2 33. Rb1 Kg7 34. Ra5 Rd4 35. b3 Rxh4 36. Rd1 Re4 37. Rd2 1-0